Представление документа в формате RUSMARC

ПолеНазваниеЗначение
  Тип записи a
  Библиографический уровень a
001 Контрольный номер RU/REG73/CBS_GRAD/e209202539f14c578bd8aa680ee69688
005 Дата корректировки 20240131203730.9
100 Данные общей обработки __
a Данные общей обработки 20231009a1994####m##c0rusy0189 ca
101 Язык документа 0_
a Язык текста rus
102 Страна публикации __
a Страна публикации RU
200 Заглавие и сведения об ответственности 1_
a Заглавие Радость творчества
e Сведения, относящиеся к заглавию [Памяти Михаила Михайловича Радонежского- одного из старейших ульяновских художников]
f Первые сведения об ответственности В. Костягина
461 Уровень набора _0
1 2000
a Мономах
463 Уровень физической единицы _0
1 2000
a № 1 (133)
v С.53-57, фото.
1 2101
d 2023
1 001RU/REG73/CBS_GRAD/a74bf2e5d13f449baccf08767042d426
600 Персоналии _1
a Персоналии (Фамилия) Радонежский
b Персоналии (Имя, инициалы) М. М.
606 Тематические рубрики 0_
a Основная рубрика Радонежский, Михаил Михайлович (1894-1972)
610 Ключевые слова 0_
a Ключевые слова краеведение Ульяновской области
610 Ключевые слова 0_
a Ключевые слова художники нашего края
610 Ключевые слова 0_
a Ключевые слова художники
686 Индексы других классификаций __
a Классификационный индекс 85.1
2 Код системы rubbk
700 Автор _1
a Фамилия Костягина
b Имя (инициалы) В.
4 Код отношения 070
g Полное личное имя Валентина
801 Источник записи _0
a Страна RU
b Организация RuCBSGrad
c Дата составления 20231009
g Правила каталогизации RCR
801 Источник записи _1
a Страна RU
b Организация RuCBSGrad
c Дата составления 20231009
g Правила каталогизации RCR
852 Данные о местонахождении __
a Наименование организации МБУК "ЦБС г. Димитровграда"
m Каталогизатор Тенигина
901 Тип документа __
t Тип документа b
w Контрольный № источника RU/REG73/CBS_GRAD/a74bf2e5d13f449baccf08767042d426
909 Создатель записи __
a Создатель записи Тенигина